000 00842cam a22002777a 4500
003 CHAP
005 20220329142606.0
008 010926d2000 mx r 00110 spa d
010 _a85394
011 _a86366
020 _a8420008850
035 _a96904
040 _cCHAP
082 0 4 _a636.20896
_bR5Y
100 0 0 _aRebhun, William C.
_994949
245 1 0 _aEnfermedades del ganado vacuno lechero
_c/por William C. Rebhun
260 _aZaragoza :
_bAcribia,
_c1999.
300 _a666 p. :
_bilus.
590 _aBATCH-UPD
_b10
_c20130110
_lUCH01
_h0719
590 _aCONVERSION
_b10
_c20130109
_lUCH01
_h1347
650 1 4 _aGanado vacuno
_xEnfermedades.
_945460
901 _aBK
905 _aAlejandra Carrasco M.
942 _cLIBRO
949 _a636.20896 R5Y
_bBC
_cLIBRO
_d33724000934352
_eLIBRO
_h102180 rep.
_i96904
_kI.213475
_si
_t$ 1487.00
999 _c85394
_d85394